000 00542nam a2200229Ia 4500
003 OSt
005 20220924142106.0
006 a|||||r|||| 00| 0
007 ta
008 220923b |||||||| |||| 00| 0 ben d
024 _a300363
037 _cTextual
040 _aARTS
_cARTS
_bben
041 _2ben
_aben
082 _aV2:21wJ67, 157K8
100 _aRoy
_9120881
245 0 _aJahangeernama
260 _c1968
650 _aHISTORY
942 _hV2:21wJ67, 157K8
_cTEXL
_2CC
999 _c449252
_d449252